Регионална библиотека "Любен Каравелов" - Русе

Такава е моята родина (Запис номер 171435)

MARC детайли
000 -Лидер
Контролно поле с фиксирана дължина 01386nam a2200337 c 4500
003 - Код на организацията, давaща контролен номер
Контролно поле BLK
005 - Дата и час на последна редакция
Контролно поле 20180422114447.0
008 - Елементи от данни с фиксирана дължина
fixed length control field 180411b bul|||||r ||||||| ||bul||
010 ## - Наследен системен номер
LC control number KNG00179705000
040 ## - Източник на каталожния запис
Идентификатор на билиотеката - собственик на записа BLK
041 ## - Код за език
Код за езика на текст/звукозапис или на отделно заглавие Български
Код за езика КДБФ Български
080 ## - УДК
Текстов определител УДК География на Северна Америка
УДК код - определител по УДК 917
УДК определител (729.1)
УДК - код + определител 917(729.1)
100 1# - Редна дума - Автор
Автор Нунес Хименес, Антонио
Авторска отговорност първи автор
R(LIN) 103995
139 ## - Редно поле
Редна дума Такава е моята Родина
Авторски знак Так - Т 21
245 10 - Сведения за заглавието
Заглавие Такава е моята родина
Подзаглавни данни География на Куба за деца и юноши
Редно поле (дума) Антонио Нунес Хименес; прев. от исл. Пенка Караиванова; прев. от исп. Ангел Въргулев.
257 ## - Страна на издаване
Страна на създаване/издаване Куба
260 ## - Област на издателските данни
-- София
Име на издателя, разпространителя и проч. Нар. просв.
Година на издаване 1963
300 ## - Физическа характеристика
Страници XVI, 132 с.
Илюстрации и др. с ил., 1 л. портр., 18 л. ил.
Размери/Мащаб 24 см
380 ## - Жанр
Жанр География
500 ## - Общи забележки
Забележка 20 072 тир.
650 #4 - Допълнително описание по предмет – тема
Основно описание – тема или топоним Северна Америка - география
9 (RLIN) 261995
650 #4 - Допълнително описание по предмет – тема
Основно описание – тема или топоним Куба
9 (RLIN) 272036
651 #4 - Допълнително описание по предмет - топоним
Географско понятие Куба
9 (RLIN) 272036
700 1# - Други автори (авторска отговорност)
Лично име Караиванова, Пенка
Автороска отговорност (Описва отношението между автора и произведението) прев. от исл.
9 (RLIN) 381232
700 1# - Други автори (авторска отговорност)
Лично име Въргулев, Ангел
Автороска отговорност (Описва отношението между автора и произведението) прев. от исп.
9 (RLIN) 379239
852 ## - Местоположение
Форматна сигнатура Цб 29079
856 4# - Електронен адрес и достъп
Електронен формат pdf - файл
Път до файла /url/
856 4# - Електронен адрес и достъп
Електронен формат pdf - файл
Път до файла /url/
942 ## - АРТИКУЛИ
Вид на библиотечния материал Книги
Скрит в OPAC Не
944 ## - СЪЗДАВАНЕ И РЕДАКЦИЯ на ЗАПИСА
Създаване/Редакция Създаване
Дата на регистрацията/редакция 13.08.2015
Служител, извършил регистрацията/редакцията Кети_Илиева
944 ## - СЪЗДАВАНЕ И РЕДАКЦИЯ на ЗАПИСА
Създаване/Редакция Редакция
Дата на регистрацията/редакция 13.08.2015
Служител, извършил регистрацията/редакцията Кети_Илиева
999 ## - СИСТЕМНИ КОНТРОЛНИ НОМЕРА
Koha biblionumber 171435
Koha biblioitemnumber 171435
Наличности
Код за отписване Код за изгубен артикул Източник на класификационната схема Код за повреда Коз за рестрикции Код за отдаване Артикулен № Име на библиотеката - собственик Име на библиотеката, в която се намира в момента Статус (Текущо местоположение) Дата на вписване в системата Местоположение - отдел Цена в лева Инвентарен номер Систематично азбучна сигнатура Баркод Номер на екземпляра Цена в евро Служебна бележка Служебен тип на артикула
  Не е изгубен Universal Decimal Classification Не е повреден само за читалня ползва се в читалня 291491 Регионална библиотека "Любен Каравелов" Русе Регионална библиотека "Любен Каравелов" Русе Хранилище 1963-01-01 Хранилище 1.10 1864/64 Цб 29079 900000093216 1 0.56 Вид: Сф Дата: 01.01.1963 Книги
Изтеглен Не е изгубен Universal Decimal Classification Не е повреден без рестрикции заемане за дома 291492 Регионална библиотека "Любен Каравелов" Русе Регионална библиотека "Любен Каравелов" Русе Заемна - подръчен фонд 1963-01-01 Заемна - подръчен фонд 0.00 2726/64 П 917/Т 21 2726/64 2 0.00 Вид: Сф Дата: 01.01.1963 Книги
Vip Innovations Ltd, Rousse, Bulgaria 2025